000 00609nam a2200217 a 4500
001 000018718
005 20200929165840.0
008 100514s1966 sp r 000 p spa d
040 _aDO-SdBNP
_bspa
_cBNPHU
082 _a861.1
_bS165
100 1 _aSalinas, Pedro,
_d1892-1951
_97966
245 1 0 _aPoema de Mio Cid /
_cPedro Salinas.
250 _a4a ed.
260 _aMadrid :
_bRevista de Occidente,
_c1966.
300 _a228 p. ;
_c19 cm.
490 1 _aSelecta ;
_vno.4
650 4 _aPoesía español
_940404
650 4 _aLiteratura española
_9632
830 0 _aSelecta ;
_nno.4
_940405
049 _aBNGR
999 _c18238
_d18238